000 003210000a22001330004500
005 20120302063647.0
942 _cBOOK
100 _a Gupta,Hari Ram
245 _a History of sikhs vol-V
260 _aNew Delhi:M.M.Publishers pvt.ltd.
040 _aeng
365 _b500/-
650 _aMunshi,Maharaja Ranjit singh,Sikh
999 _c360112
_d360109